[Event "3rd Kolkata GM Open 2018"]
[Site "Kolkata"]
[Date "2018.05.16"]
[Round "3"]
[White "Gupta, Abhijeet"]
[Black "Harshavardhan G B"]
[Result "1-0"]
[WhiteElo "2619"]
[BlackElo "2218"]
[Annotator "TA"]
[PlyCount "111"]
[EventDate "2018.??.??"]
[EventType "swiss"]
[EventCountry "IND"]
[SourceTitle "playchess.com"]
[Source "ChessBase"]
[SourceQuality "1"]

{[%evp 14,110,16,4,25,-46,-6,-39,-46,-38,-16,-21,0,0,0,0,18,24,22,9,0,2,63,56,65,47,54,54,64,64,79,39,166,168,169,144,196,105,204,203,175,145,285,285,257,196,206,167,163,206,189,208,277,264,500,501,569,568,571,561,537,543,550,547,543,527,644,636,838,800,1256,1265,1245,1214,29982,29983,29981,29961,12791,12791,5741,5705,4841,4841,29979,29980,29990,29991,29991,29992,29994,29995,29996,29997,29997,29998,29998,29999,29999]} 1. d4 Nf6 2. c4 e6 3. g3 d5 4. Bg2 Bb4+ 5. Bd2 (5. Nd2 O-O 6. Ngf3 b6 7. O-O Bb7 8. b3 c5 9. Bb2 Nbd7 10. a3 Bxd2 11. Nxd2 cxd4 12. Bxd4 Rc8 13. b4 Qe7 14. Rc1 Rfd8 15. Qb3 dxc4 16. Nxc4 Bxg2 17. Kxg2 {0-1 (55) Ding,L (2777)-Carlsen,M (2837) Riadh 2017}) 5... Bd6 6. Nc3 {E01: Catalan: Early deviations} c6 7. Bg5 Nbd7 8. Nf3 {LiveBook: 3 Games. The position is equal.} h6 9. Bc1 ({Better is} 9. Bxf6 $11 Nxf6 10. c5) 9... O-O 10. O-O dxc4 11. a4 $146 ({Predecessor:} 11. e4 e5 12. Qe2 b5 {½-½ (23) Reinecke,K (1818)-Moenster,M (1873) Willingen 2017}) 11... e5 12. a5 Rb8 13. Nd2 exd4 14. Nxc4 Bc7 (14... Ne5 {is interesting.} 15. Qxd4 Nxc4 16. Qxc4 Be6 17. Qh4 Qe7) 15. Qxd4 Ne5 $1 16. Qxd8 Rxd8 17. Bf4 Re8 (17... Nfg4 $1 $11) 18. Rfd1 $14 g5 19. Nxe5 gxf4 20. gxf4 Bxe5 21. fxe5 Rxe5 22. e4 Rg5 (22... Re8 $14) 23. f4 $18 Rg7 24. f5 Ng4 (24... Nd7 $16) 25. Rd8+ Kh7 {[#]} 26. Bf3 $1 Ne5+ 27. Kf2 f6 (27... Rg8 $16 {was worth a try.} 28. Rad1 b6) 28. Rad1 b6 29. a6 Rg8 30. Rxg8 Kxg8 31. Rd8+ Kf7 32. Rh8 Nd7 {[#]} 33. e5 $1 {[%cal Re5e6]} ({Weaker is} 33. Rxh6 Kg7 $16) 33... fxe5 $2 (33... Nxe5 34. Rh7+ Kf8 35. Rxa7 Nd3+ 36. Kg3 Nb4) 34. Bxc6 Nf8 {And now ...Kg7 would win.} 35. Bd5+ Ke8 36. Nb5 Bxa6 37. Nc7+ Ke7 38. Nxa6 Rd8 39. Be4 Rd6 40. Nb4 Kf7 41. Bd5+ Ke8 42. Be6 Rd2+ 43. Ke3 Rxh2 44. f6 Rh1 45. Nd5 Rf1 46. Ke2 Rxf6 47. Nxf6+ Ke7 48. Bb3 Ng6 49. Nd5+ {White mates.} Kd6 50. Rxh6 Kc5 51. Rxg6 b5 52. Ke3 a5 53. Ke4 a4 54. Bc2 b4 55. Bxa4 {[%csl Ga4][%cal Rg6c6]} b3 56. Rc6# {Precision: White = 86%, Black = 35%.} 1-0

[Event "3rd Kolkata GM Open 2018"]
[Site "Kolkata"]
[Date "2018.05.16"]
[Round "3"]
[White "Amonatov, Farrukh"]
[Black "Raja Rithvik R"]
[Result "1-0"]
[WhiteElo "2608"]
[BlackElo "2316"]
[Annotator "TA"]
[PlyCount "57"]
[EventDate "2018.??.??"]
[EventType "swiss"]
[EventCountry "IND"]
[SourceTitle "playchess.com"]
[Source "ChessBase"]
[SourceQuality "1"]

{[%evp 30,57,0,0,0,0,-4,-22,0,-32,-31,-53,-25,-28,-5,-27,80,59,64,25,32,39,67,67,93,108,100,93,464,457]} 1. e4 e5 2. Nf3 Nf6 3. Nxe5 d6 4. Nf3 Nxe4 5. d4 d5 6. Bd3 Nc6 7. O-O Be7 8. Re1 Bg4 9. c3 f5 10. Qb3 O-O 11. Nbd2 Na5 {C42: Petroff Defence: 3 Nxe5 and unusual White 3rd moves} 12. Qc2 Nc6 13. b4 a6 14. a4 Bd6 15. Ba3 Kh8 16. b5 {LiveBook: 6 Games} axb5 17. Bxb5 {[#]} Na5 $146 ({Predecessor:} 17... Bh5 18. Bxc6 bxc6 19. Ne5 Qg5 20. Ndf3 Bxf3 21. Nxf3 Qe7 22. Bxd6 cxd6 23. Nd2 Qh4 24. Nf1 c5 {½-½ (24) Amonatov,F (2574)-Iljin,A (2538) Sochi 2007}) 18. Reb1 Qe7 19. Bxd6 cxd6 20. Bf1 Rfc8 21. Ra3 Rc6 22. Rb5 Qc7 {[#]} (22... Bxf3 $11 {keeps the balance.} 23. Nxf3 Qc7) 23. Nxe4 $1 $16 fxe4 24. Ne1 {[%cal Bf3e1,Be1c2,Bc2e3][%mdl 32]} Qf7 25. Qd2 h6 26. Nc2 $1 Be6 27. Ne3 Rc7 28. Qb2 Qe8 $2 {[%mdl 8192] [#]} (28... Rd7 $16) 29. Rxa5 $1 {[%mdl 512] Precision: White = 63%, Black = 24%.} 1-0

[Event "3rd Kolkata GM Open 2018"]
[Site "Kolkata"]
[Date "2018.05.16"]
[Round "3"]
[White "Rozum, Ivan"]
[Black "Arjun Kalyan"]
[Result "1-0"]
[WhiteElo "2581"]
[BlackElo "2383"]
[Annotator "TA"]
[PlyCount "91"]
[EventDate "2018.??.??"]
[EventType "swiss"]
[EventCountry "IND"]
[SourceTitle "playchess.com"]
[Source "ChessBase"]
[SourceQuality "1"]

{[%evp 26,91,66,64,60,60,155,133,161,96,102,86,126,125,128,127,133,134,128,128,127,125,124,117,116,112,100,99,99,91,112,109,109,109,109,109,124,117,145,140,198,183,201,194,194,190,217,181,281,241,367,287,889,883,768,500,1804,1553,29971,29973,29972,4627,29975,29976,29978,29979,29977,29978]} 1. d4 Nf6 2. g3 g6 3. Bg2 Bg7 4. e4 d6 5. Nc3 O-O 6. Nge2 e5 7. h3 c6 8. a4 Nbd7 9. O-O Re8 10. a5 exd4 11. Nxd4 Nc5 12. Re1 d5 {B07: Pirc Defence: Miscellaneous Systems} 13. exd5 Rxe1+ 14. Qxe1 {LiveBook: 16 Games} cxd5 {White is slightly better.} (14... Nxd5 15. Nxd5 cxd5 16. Be3 Ne6 17. Rd1 Nxd4 18. Bxd4 Bxd4 19. Rxd4 Be6 20. Qd2 Qf6 21. c4 dxc4 22. a6 Kg7 23. axb7 Rb8 24. Rd6 Qe7 25. Qd4+ Kg8 26. Qe5 {1-0 (26) Bachmann,A (2636)-Santiago,Y (2400) Montevideo 2015}) 15. Be3 a6 $146 (15... Nce4 $14) ({Predecessor:} 15... Nce4 16. Nxe4 dxe4 17. Rd1 Bd7 18. Bg5 Qc7 19. Bxf6 Bxf6 20. Qxe4 {1-0 (48) Obukhov,A (2462)-Kotenko,P (2378) Voronezh 2002}) 16. Nde2 Nce4 {[#]} 17. Nxe4 (17. Na4 $1 $18) 17... dxe4 $16 18. Nc3 Qe8 19. Bd4 Bd7 20. Nxe4 Nxe4 21. Bxg7 Kxg7 22. Qxe4 Bc6 23. Qxe8 Rxe8 24. Bxc6 bxc6 {[%mdl 4096] Endgame KR-KR} 25. Ra3 Re5 26. Rc3 Rxa5 27. Rxc6 Ra2 28. b3 a5 29. Rc4 Ra1+ 30. Kg2 Re1 31. Kf3 Re5 32. h4 h5 (32... h6 $16 33. Rc8 Kf6) 33. Rd4 Kf6 34. Rf4+ Kg7 {[#]} 35. Re4 $1 {[%cal Re4e5]} Rc5 36. Re2 f6 (36... Kf6 $142 37. c4 Rf5+ 38. Ke3 Re5+ 39. Kd3 Rf5) 37. Ke4 $18 g5 (37... Rc8 {might work better.} 38. Kd5 Rc3) 38. Kd4 Rf5 $2 (38... Rb5 39. hxg5 Rb4+ 40. Kd3 fxg5) 39. c4 {[%cal Bc2c4,Bc4c5,Bc5c6,Bc6c7][%mdl 32]} gxh4 40. gxh4 Rf3 (40... a4 $142 41. bxa4 Ra5) 41. c5 Rxb3 42. c6 Rb8 43. Kc5 (43. c7 $142 Rc8 44. Rc2 Kg6 45. Kd5 Kf5 46. Kd6 Kg4 47. Rc4+ Kh3 48. Kd7) 43... a4 44. c7 {White mates.} Ra8 45. Kb6 a3 46. Ra2 {Precision: White = 86%, Black = 34%.} 1-0

[Event "3rd Kolkata GM Open 2018"]
[Site "Kolkata"]
[Date "2018.05.16"]
[Round "3"]
[White "Sengupta, Deep"]
[Black "Siva Mahadevan"]
[Result "1-0"]
[WhiteElo "2563"]
[BlackElo "2364"]
[Annotator "TA"]
[PlyCount "85"]
[EventDate "2018.??.??"]
[EventType "swiss"]
[EventCountry "IND"]
[SourceTitle "playchess.com"]
[Source "ChessBase"]
[SourceQuality "1"]

{[%evp 21,85,0,29,20,54,36,47,23,64,32,45,37,54,42,135,141,140,137,142,146,138,133,150,126,115,136,173,184,182,175,195,192,191,185,205,204,202,207,202,133,138,137,135,128,132,89,74,45,39,12,16,20,144,140,151,147,232,232,386,393,466,391,562,549,995,953]} 1. e4 e5 2. Nf3 Nc6 3. Bc4 Bc5 4. c3 Nf6 5. d4 exd4 6. e5 d5 7. Bb5 Ne4 8. cxd4 Bb6 9. Nc3 O-O 10. Be3 {C54: Giuoco Piano: 4 c3 Nf6, main lines with 5 d4 and 5 d3} f5 (10... Bg4 11. h3 Bh5 12. Qc2 Bxf3 13. gxf3 Ng5 14. O-O-O Nxf3 15. Bxc6 bxc6 16. Qf5 Nh4 17. Qg4 Ng6 {½-½ (38) Naiditsch,A (2701)-Anand,V (2776) Karlsruhe/Baden-Baden 2018}) 11. g3 Ne7 {LiveBook: 3 Games} 12. Qb3 {White has an edge.} a6 $146 ({Predecessor:} 12... Kh8 13. O-O-O Be6 14. Ng5 Bg8 15. Na4 Rc8 16. Kb1 c5 17. dxc5 Nxc5 18. Nxc5 Bxc5 {½-½ (52) Mesropov,K (2427)-Liss,E (2437) Israel 2018}) 13. Be2 Be6 14. O-O-O {[%cal Be1c1,Bc1c2,Bc2b1][%mdl 32]} Qd7 15. Ne1 {[%cal Bf3e1,Be1d3,Bd3c5][%mdl 32]} Ba5 16. Nd3 Qc6 {[%cal Ra5c3]} 17. Kc2 Nc8 {[#]} (17... b5 $14) 18. Qa4 $1 $16 {[%cal Ra4a5]} Qxa4+ 19. Nxa4 Bd7 20. Nac5 Nxc5 21. Nxc5 Bc6 22. Kb1 Bb6 23. Rc1 Bxc5 24. Rxc5 (24. dxc5 d4 $11) 24... Ne7 25. Rhc1 Rfc8 26. Bg5 Kf7 27. Bf3 Rd8 28. e6+ Kf8 29. h4 Rac8 30. Re1 Bb5 31. Rc3 b6 32. g4 c5 33. gxf5 {aiming for Bh5.} cxd4 34. f6 $36 {[%mdl 2048] White is pushing.} gxf6 35. Rxc8 Rxc8 36. Bxf6 d3 (36... Bd3+ $11 {remains equal.} 37. Ka1 Be4) 37. Rc1 Rc4 {[#] White must now prevent ...Rf4.} 38. Bg5 Ke8 (38... Nf5 $16 39. b3 (39. Bxd5 Rd4 $16) 39... d2 40. Bxd2 (40. bxc4 dxc1=R+ 41. Kxc1 Bxc4 $14) 40... Rxc1+ 41. Kxc1 Ke7 42. Bxd5 Kd6) 39. b3 $18 Rxc1+ $2 (39... d2 40. Bh5+ (40. bxc4 dxc1=R+ 41. Kxc1 Bxc4 $16) (40. Bxd2 Rxc1+ 41. Kxc1 Bd3 $16) 40... Ng6) 40. Kxc1 Kd8 41. Bxd5 Ke8 (41... h6 {was worth a try.}) 42. Be4 Ng6 43. f4 {Precision: White = 82%, Black = 36%.} 1-0

[Event "3rd Kolkata GM Open 2018"]
[Site "Kolkata"]
[Date "2018.05.16"]
[Round "3"]
[White "Nihal Sarin"]
[Black "Mohammad Fahad, Rahman"]
[Result "1/2-1/2"]
[WhiteElo "2551"]
[BlackElo "2296"]
[Annotator "TA"]
[PlyCount "98"]
[EventDate "2018.??.??"]
[EventType "swiss"]
[EventCountry "IND"]
[SourceTitle "playchess.com"]
[Source "ChessBase"]
[SourceQuality "1"]

{[%evp 19,98,31,48,31,90,87,80,45,62,78,75,49,75,81,87,92,198,80,82,82,82,82,82,77,72,84,68,52,58,58,59,59,64,20,25,27,25,9,95,37,71,0,0,0,0,0,0,0,0,0,0,0,0,0,0,0,0,0,0,0,0,0,0,0,0,0,0,0,0,0,0,0,0,0,0,0,0,0,0,0,0]} 1. Nf3 Nf6 2. c4 e6 3. Nc3 d5 4. d4 Be7 5. Bg5 O-O 6. e3 Nbd7 7. Rc1 a6 8. cxd5 exd5 9. Bd3 Re8 10. O-O {D63: Queen's Gambit Declined: Classical: 7 Rc1} Nf8 {LiveBook: 4 Games} (10... c6 11. Qc2 Nf8 12. Rfe1 g6 13. h3 Ne6 14. Bh4 Ng7 15. Qb3 Ne4 16. Bxe7 Qxe7 17. Ne5 Nd6 18. e4 dxe4 19. Bxe4 Bf5 20. Bf3 {0-1 (35) Nabaty,T (2579)-Hracek,Z (2625) Golden Sands 2013}) 11. Ne5 Ng6 (11... c6 $14) 12. f4 $146 {White is better.} ({Predecessor:} 12. Bb1 c6 13. Qd3 Ng4 14. Bf4 Bd6 15. Nxg4 Bxf4 16. exf4 Bxg4 {0-1 (49) Diaz,G (1794)-Aquino Flores,E Cuenca 2006}) 12... c6 13. Na4 Nd7 14. Bxe7 Qxe7 15. Qb3 Ngxe5 16. fxe5 b5 17. Nc5 f6 (17... Nxc5 $16 18. Rxc5 Bd7) 18. e4 (18. Ne4 $18) 18... Nxc5 19. Rxc5 fxe5 20. exd5 ({Reject} 20. Rxc6 Bb7 $15) 20... cxd5 21. Qxd5+ Be6 22. Qe4 {[%csl Gd3][%cal Re4h7] [#]} g6 23. Rxe5 {Black must now prevent Re1.} Qd7 $1 24. Re1 {[%cal Re5e6]} Bf7 25. Bc2 Rad8 26. a3 Rxe5 27. dxe5 Be6 28. h3 Qc7 (28... Qa7+ $1 $11 29. Kh1 Rd2) 29. Re2 ({White should try} 29. Kh2 $16) 29... Qc5+ 30. Qe3 (30. Kh2 $16) 30... Qxe3+ $1 $11 {The position is equal.} 31. Rxe3 {[%mdl 4096] Endgame KRB-KRB} Rd2 32. Rc3 Bd5 33. g4 Kf7 34. Bb3 Bxb3 35. Rxb3 {KR-KR} Ke6 36. a4 $1 bxa4 37. Rb4 Kxe5 {Threatens to win with ...Rd4.} 38. Rxa4 Rxb2 39. Rxa6 Kf4 40. Ra4+ Kg3 {[%cal Rb2b1] [#]} (40... Kg5 {with more complications.} 41. Ra7 Rb1+ 42. Kg2 Rb2+ 43. Kg3 Rb3+) 41. Ra3+ Kh4 42. Rc3 Re2 43. Ra3 h6 44. Rb3 Kg5 45. Rf3 Re4 46. Kg2 Kh4 47. Rf6 Kg5 48. Rf3 Kh4 49. Rf6 Kg5 {Precision: White = 61%, Black = 46%.} 1/2-1/2

[Event "3rd Kolkata GM Open 2018"]
[Site "Kolkata"]
[Date "2018.05.16"]
[Round "3"]
[White "Lalith Babu M R"]
[Black "Dhulipalla Bala Chandra Prasa"]
[Result "1-0"]
[WhiteElo "2531"]
[BlackElo "2295"]
[Annotator "TA"]
[PlyCount "143"]
[EventDate "2018.??.??"]
[EventType "swiss"]
[EventCountry "IND"]
[SourceTitle "playchess.com"]
[Source "ChessBase"]
[SourceQuality "1"]

{[%evp 13,143,9,17,9,9,0,4,-20,-10,-28,-16,-45,-48,-29,-28,-40,-36,-38,-37,-44,-18,-36,-18,-34,-33,-39,-16,-16,-14,-22,-18,-13,-19,-8,34,42,37,34,33,21,33,31,31,21,25,21,25,16,16,12,22,16,47,23,29,29,32,47,49,58,50,31,66,34,60,37,38,16,174,180,174,168,186,189,190,174,222,228,223,231,262,293,356,360,424,423,425,421,401,402,358,325,567,560,521,472,449,449,449,442,441,441,441,434,412,397,362,363,408,410,361,346,977,941,915,914,968,758,1304,945,697,655,5927,2864,29975,29976,29982,29983,29982,29981,29981,29980]} 1. c4 e5 2. Nc3 Nf6 3. Nf3 Nc6 {[%cal Bb8c6,Bc6e7,Be7d5,Bd5f6,Bf6g4][%mdl 32]} 4. e3 Bb4 5. Qc2 O-O 6. Nd5 Nxd5 {A28: English Opening: Four Knights Variation} (6... Be7 7. a3 d6 8. Be2 Be6 9. Ng5 Bxd5 10. cxd5 Nb8 11. Qb3 Nbd7 12. d3 h6 13. Nf3 c6 14. dxc6 bxc6 {½-½ (39) Cheparinov,I (2710)-Kryvoruchko,Y (2689) Riadh 2017}) 7. cxd5 Ne7 $1 {LiveBook: 3 Games} 8. Bd3 h6 $146 {The position is equal.} ({Predecessor:} 8... Ng6 9. h4 Re8 10. a3 Bd6 11. b4 c6 12. Be4 a5 13. Bb2 axb4 14. axb4 Rxa1+ 15. Bxa1 {½-½ (30) Clarke,A-Morris,A England 1991}) 9. Nxe5 Nxd5 10. Qb3 c6 {[#] Strongly threatening ...Qg5.} 11. Bc4 (11. Nf3 {looks sharper.} Ba5 12. O-O Nf6 13. Bf5 Re8 14. d3) 11... Bd6 12. Nf3 Nf6 13. Be2 Bc7 14. d3 d5 15. Bd2 Re8 16. Rc1 Ng4 17. O-O Ne5 18. Nd4 Rb8 19. Qd1 Qh4 20. g3 Qh3 21. Re1 Bg4 22. f4 Bxe2 23. Qxe2 Ng4 24. Qg2 Qxg2+ 25. Kxg2 Bb6 26. Nc2 f5 27. h3 Nf6 28. Bc3 Kf7 29. Kf3 h5 30. Nd4 g6 31. Kf2 Nd7 32. Nf3 Bd8 33. Bd4 Bf6 34. Rg1 Rh8 35. Bxf6 Kxf6 36. g4 hxg4 37. hxg4 Rh3 38. b4 a6 39. gxf5 gxf5 40. Rg5 Rf8 $2 {[#]} (40... Rbh8 $11 {and Black stays safe.}) 41. Rcg1 $1 $18 {Black must now prevent Rg7.} Rh7 42. Nd4 Rh2+ 43. R1g2 Rxg2+ 44. Kxg2 {[%mdl 4096] Endgame KRN-KRN} Ra8 45. Rxf5+ Ke7 46. Rg5 a5 47. b5 c5 48. Rg7+ Kd6 49. Nf5+ Ke6 50. e4 Rd8 51. Rg6+ Kf7 52. Rd6 c4 $2 (52... dxe4 {was necessary.} 53. dxe4 c4) 53. e5 Ke8 54. dxc4 dxc4 55. Rh6 c3 {intending ...c2.} 56. e6 {Intending Rh7 and mate.} Nf8 {Threatens to win with ...Rd2+.} 57. e7 Rd5 58. exf8=Q+ Kxf8 {KRN-KR} 59. Ne3 Rxb5 60. Rh8+ Kg7 61. Rc8 Rb2+ 62. Kf3 b5 $2 (62... Rxa2 63. Rc7+ Kf6 64. Rxb7 Rd2) 63. Rc7+ Kf8 64. Rxc3 Rxa2 65. f5 b4 66. Rc8+ Kf7 67. Rc7+ Kf8 68. Rb7 (68. f6 $142 Ra1 69. Ng4) 68... Rb2 69. Nc4 {White mates.} Rc2 70. Ne5 Rc1 71. f6 Rf1+ 72. Ke2 {Precision: White = 71%, Black = 48%.} 1-0

[Event "3rd Kolkata GM Open 2018"]
[Site "Kolkata"]
[Date "2018.05.16"]
[Round "3"]
[White "Narayanan, Srinath"]
[Black "Kaustuv, Kundu"]
[Result "1-0"]
[WhiteElo "2525"]
[BlackElo "2360"]
[Annotator "TA"]
[PlyCount "77"]
[EventDate "2018.??.??"]
[EventType "swiss"]
[EventCountry "IND"]
[SourceTitle "playchess.com"]
[Source "ChessBase"]
[SourceQuality "1"]

{[%evp 23,77,63,81,75,100,55,77,28,53,61,58,27,77,45,61,55,38,45,47,45,43,45,108,56,87,48,70,66,119,25,66,0,129,145,366,404,537,454,568,558,477,268,258,258,340,341,515,530,658,626,652,531,29985,29984,29982,29983]} 1. d4 Nf6 2. c4 g6 3. Nc3 Bg7 4. e4 d6 5. Be2 O-O 6. Be3 e5 7. d5 a5 8. g4 {[%cal Bg2g4,Bg4g5][%mdl 32]} Na6 {E73: King's Indian: Averbakh Variation without 6...c5} 9. h4 Nc5 10. f3 h5 11. g5 Nfd7 (11... Nh7 12. Kd2 Bd7 13. Nh3 c6 14. Nf2 cxd5 15. exd5 f5 16. gxf6 Nxf6 17. Bxc5 dxc5 {0-1 (37) Vallejo Pons,F (2705)-Radjabov,T (2741) Palma de Mallorca 2017}) 12. Nh3 Nb6 {LiveBook: 3 Games} 13. Nf2 $146 ({Predecessor:} 13. Qd2 c6 14. Nf2 cxd5 15. exd5 Bf5 16. Bxc5 dxc5 {0-1 (47) Debashis,D (2472)-Firouzja,A (2456) Doha 2016}) 13... f5 14. Qc2 Na6 15. Rd1 fxe4 16. Ncxe4 Bf5 17. a3 Nd7 {[%cal Bb6d7,Bd7c5,Bc5b3][%mdl 32]} 18. b3 {[%cal Bb2b3,Bb3b4][%mdl 32]} Ndc5 19. Qc3 Bxe4 20. fxe4 a4 21. b4 Nb3 22. Qd3 Qe7 (22... Nb8 $14) 23. O-O ({Better is} 23. c5 $16) 23... Nd4 24. Nh3 {[%cal Re3d4]} Nxe2+ 25. Qxe2 Qd7 (25... c6 $14) 26. Kg2 (26. Rxf8+ $16 Rxf8 27. Nf2) 26... c6 27. Nf2 ({White should try} 27. Rxf8+ $14 Rxf8 28. c5) 27... cxd5 (27... Nc7 $11) 28. exd5 $16 e4 $2 {[#]} (28... Nc7 $16) 29. Nxe4 $18 Qe7 30. Qd3 Rae8 31. Rxf8+ Rxf8 32. Rf1 (32. Bd4 $142) 32... Rxf1 33. Kxf1 Qe5 34. Bf2 Qf4 (34... Qf5 {might work better.} 35. Ke2 Be5) 35. Kg2 Be5 36. Bg3 Qg4 37. c5 dxc5 38. d6 {[%cal Bd5d6,Bd6d7][%mdl 32]} Bd4 {[#]} 39. d7 $1 {[%mdl 512] Precision: White = 60%, Black = 20%.} 1-0

[Event "3rd Kolkata GM Open 2018"]
[Site "Kolkata"]
[Date "2018.05.16"]
[Round "3"]
[White "Swapnil, S. Dhopade"]
[Black "Modi, Kunal"]
[Result "1/2-1/2"]
[WhiteElo "2505"]
[BlackElo "1781"]
[Annotator "TA"]
[PlyCount "82"]
[EventDate "2018.??.??"]
[EventType "swiss"]
[EventCountry "IND"]
[SourceTitle "playchess.com"]
[Source "ChessBase"]
[SourceQuality "1"]

{[%evp 20,82,18,11,33,10,13,4,25,19,21,30,4,17,67,73,82,77,67,65,70,64,57,69,75,47,48,49,45,45,45,45,45,47,57,62,64,21,40,35,39,33,35,14,15,15,15,14,16,8,16,8,8,8,8,8,8,8,8,8,8,8,8,8,8]} 1. Nf3 Nf6 2. c4 g6 3. Nc3 Bg7 4. d4 O-O 5. e4 d6 6. Be2 e5 7. O-O Nc6 8. dxe5 Nxe5 9. Nxe5 dxe5 10. Qa4 {E97: King's Indian: Classical Main Line (6...e5 7 0-0 Nc6): 8 Be3 and 8 d5 Ne7, not 9 Ne1} (10. Qxd8 Rxd8 11. Be3 c6 12. Rfd1 Re8 13. f3 Bf8 14. Na4 b6 15. b3 Be6 16. Nb2 Nd7 17. Nd3 f6 18. Rac1 Nc5 19. Nxc5 Bxc5 20. Bxc5 bxc5 {½-½ (35) Wojtaszek,R (2736)-Duda,J (2717) Katowice 2017}) 10... c6 11. Be3 {LiveBook: 6 Games} Qc7 12. b4 $146 {[%cal Bb2b4,Bb4b5][%mdl 32] White is slightly better.} ({Predecessor:} 12. Rfd1 Bg4 13. f3 Be6 14. b4 Nd7 15. Qa5 b6 16. Qa6 Rfc8 17. Rab1 Bf8 {0-1 (58) Li,D (2426)-Oliva Castaneda,K (2493) Barcelona 2016}) 12... Be6 13. Rac1 Rfd8 14. b5 Ng4 15. Bxg4 Bxg4 16. h3 $36 {[%mdl 2048] White fights for an advantage.} Be6 {[#]} 17. Nd5 $1 {[%cal Rd5c7][%mdl 512]} Qd7 (17... cxd5 18. cxd5) 18. bxc6 bxc6 {[#]} 19. Qxc6 $1 {[%mdl 512]} Qxc6 20. Ne7+ Kh8 21. Nxc6 Rdc8 22. Nxa7 (22. Na5 {keeps more tension.} Bf8 23. c5 Rab8 24. c6 Ba3 25. Rc2) 22... Rxc4 23. Rxc4 Bxc4 24. Ra1 Bd3 25. f3 f5 26. exf5 e4 27. Rd1 gxf5 28. fxe4 fxe4 29. Rc1 Bb2 30. Rc7 Rf8 31. Rc8 (31. Nc6 {feels hotter.} Ra8 32. Ra7 Rxa7 33. Bxa7 Ba3 34. Ne5) 31... Rxc8 {The position is equal.} (31... Kg8 {is more complex.} 32. Rxf8+ Kxf8 33. a4 Bc3 34. Bb6 Bc2) 32. Nxc8 $11 {[%mdl 4096] Endgame KBB-KBN} Ba3 33. Nb6 Kg7 34. Kf2 Kg6 35. g4 h5 36. Nd5 {Black must now prevent Nf4+.} hxg4 37. hxg4 {And now Nf4+ would win.} Bc4 38. Nc3 Bb4 39. Nxe4 Bxa2 40. Bf4 Be6 41. Kg3 Bd5 {Precision: White = 67%, Black = 82%.} 1/2-1/2

[Event "3rd Kolkata GM Open 2018"]
[Site "Kolkata"]
[Date "2018.05.16"]
[Round "3"]
[White "Vignesh N R"]
[Black "Rajdeep Sarkar"]
[Result "1-0"]
[WhiteElo "2485"]
[BlackElo "2355"]
[Annotator "TA"]
[PlyCount "63"]
[EventDate "2018.??.??"]
[EventType "swiss"]
[EventCountry "IND"]
[SourceTitle "playchess.com"]
[Source "ChessBase"]
[SourceQuality "1"]

{[%evp 24,63,15,9,31,34,30,22,30,31,63,60,62,61,61,52,52,71,61,58,95,87,102,103,155,108,208,214,399,376,396,378,377,368,386,309,520,470,577,556,1410,1335]} 1. d4 d5 2. c4 e6 3. Nf3 Nf6 4. g3 dxc4 5. Bg2 c5 6. O-O Nc6 7. dxc5 Qxd1 8. Rxd1 Bxc5 9. Nbd2 {[%cal Bb1d2,Bd2b3,Bb3a5][%mdl 32]} c3 10. bxc3 O-O 11. Nb3 Be7 12. Nfd4 Bd7 13. Bg5 {LiveBook: 21 Games. E04: Open Catalan: 5 Nf3} Rad8 (13... Rfd8 {looks sharper.} 14. Nxc6 Bxc6 15. Rxd8+ Rxd8 16. Bxc6 bxc6 17. c4 Rb8) (13... Rfd8 14. Nxc6 Bxc6 15. Bxc6 bxc6 16. Na5 Rac8 17. Rxd8+ Bxd8 18. Nb7 h6 19. Nd6 Rb8 20. Be3 Bb6 {½-½ (78) Giri,A (2785)-So,W (2815) chess.com INT 2017}) 14. Nxc6 Bxc6 15. Bxc6 {White has an edge.} bxc6 16. Na5 Rxd1+ $146 ({Predecessor:} 16... Rc8 17. c4 Bb4 18. Bd2 Bc5 19. Nb7 Bb6 20. Bf4 Ne4 {½-½ (53) Polyakov,D-Kavalci,E ICCF email 2011}) 17. Rxd1 Rc8 18. Bxf6 Bxf6 $14 {[%mdl 4096] Endgame KRB-KRN} 19. Rd7 Bxc3 {[#]} 20. Nxc6 $1 {[%mdl 512]} Kf8 (20... Rxc6 21. Rd8#) 21. Nxa7 Rc5 22. a4 {[%cal Ba2a4,Ba4a5,Ba5a6][%mdl 32]} Ke8 23. Rb7 Be5 (23... Ba5 $142) 24. Kg2 g5 {[#]} (24... Rc2 $16) 25. Rb5 $1 $18 {[%cal Rb5c5]} Rxb5 $2 (25... Bd6 26. Rb6 Bc7) 26. Nxb5 {KB-KN} ({Less strong is} 26. axb5 Kd7 $14) 26... Kd7 27. a5 Kc6 28. a6 f5 29. Kf3 h5 $2 (29... Kb6 {is a better defense.} 30. a7 Kb7) 30. Ke3 {White is clearly winning.} Bf6 31. Nd4+ Kd5 {[#]} 32. Nxe6 $1 {[%mdl 512] Precision: White = 100%, Black = 17%.} 1-0